000 00350nam a2200121Ia 4500
008 180117s9999 xx 000 0 und d
100 _aby Beth Day Romulo
245 _aAnother Day
260 _c2016
300 _a24 pages, 2016 December 25
440 _aPhilippine Panorama
650 _aPRESIDENT'S TRUMP'S SURPRISING CHOICE FOR THE UNITED NATIONS
999 _c353479
_d353479